000 00864nam a22001815i 4500
001 163224
003 ES-MaACL
005 20250603182142.0
008 990129s1849 sp |||| | spa d
080 _a338.43.02(460)
100 1 _aReinoso, Mariano Miguel de.
_9131677
245 1 0 _aInforme presentado a las juntas generales de agricultura de 1849 por su comisión novena sobre las causas que contribuyen a que muchas de nuestras producciones agrícolas sean más caras que las de otras naciones y memoria sobre los remedios de estas causas /
_cescrita por Mariano Miguel Reinoso.
260 _aMadrid :
_b[s.n.],
_c1849 (
_fImp. a cargo de Manuel de Rojas)
300 _a59 p. ;
_c20 cm.
651 7 _aEspaña-
_xPolítica agraria-
_yS.XIX
_2
_9143312
852 4 _aES-MaACL
_jT-31-F-2
_z- Enc. hol.
_z- Enc. en un vol. facticio
999 _c163224
_d163224